000 00494nam a2200169 i 4500
001 149921
003 ES-MaACL
005 20230906203318.0
007 t|
008 071025s1967 sp ||||1| spa d
100 1 _aVander, Adrianus.
_9113059
245 1 0 _aCúrate del hígado /
_cA. Vander.
260 _aBarcelona :
_bSintes,
_c1967.
300 _a175 p., 15 lám. ;
_c19 cm.
650 4 _aHígado-
_xEnfermedades-
_xTratamiento .
_9166039
852 _aES-MaACL
_jC-31718
_bR.62379
999 _c149921
_d149921